| 000 | 00899nam a2200241 a 4500 | ||
|---|---|---|---|
| 001 | 12691 | ||
| 003 | BD-JhCC | ||
| 005 | 20230508081423.0 | ||
| 008 | 230508s2020 |||| |||| 000 0 b d | ||
| 020 | _a9789849495123 | ||
| 035 | _a(BD-JhCC)12691 | ||
| 040 |
_aBD-JhCC _dBD-JhCC |
||
| 041 | _aBangla | ||
| 082 |
_a297.2 _bGOR |
||
| 100 | _aগরমেজ, ড. মেহমেদ | ||
| 245 |
_aবিশ্বায়নের যুগে ইসলাম উম্মাহ এবং সভ্যতা / _c ড. মেহমেদ গরমেজ; বুরহান উদ্দিন (অনু.) |
||
| 260 |
_aঢাকা : _bমক্তব প্রকাশনী, _c২০২০ |
||
| 300 |
_a১১৬ পৃ. : _c২১ সেমি. |
||
| 650 | _aIslamic civilization | ||
| 650 | _aMuslim civilization | ||
| 700 | _aউদ্দিন, বুরহান | ||
| 942 |
_2ddc _cBK |
||
| 999 |
_c12691 _d12691 |
||